000 01268nam0a22002771 4500
001 rc\2144265
005 20110829173739.0
035 _a(NLR Aleph) 006633175
090 _a7571838
_c7571838
100 _a20110829d1979 |||y0rusy50 ca
101 0 _arus
102 _aRU
105 _aa z |||||
200 1 _aТеория производственных связей в лесозаготовительных процессах
_eУчеб. пособие
_fДоц., к. т. н. Ласица М.Д.
210 _aМосква
_cБ. и.
_d1979
215 _a87 с.
_cил.
_d21
300 _aВ надзаг.: М-во лесн. и деревообраб. пром-сти СССР. Упр. руководящих кадров и учеб. заведений, Всесоюз. ин-т повышения квалификации руководящих работников и специалистов. Каф. "Новая техника и технология лесн. пром-сти"
300 _aНа обл. авт. не указан
700 1 _aЛасица
_bМ. Д.
801 0 _aRU
_bNLR
_gpsbo
801 1 _aRU
_bELAR
_2rusmarc
852 _aNLR
_j81-4/19790
899 _aRuMoRGB
_jB 81-45/528
899 _aRuMoRGB
_jB 81-45/529
942 _cBOOK
980 _aNB